Ateizmus a náboženstvo vo svetonázore žien

Bibliographic Details
Main Author: Sivák, Ľubomír (Author)
Format: Article
Language:Slovak
Subjects:

MARC

LEADER 00000nab a2200000 a 4500
001 vtls000136734
003 SK-MaSNL
005 20260304060256.0
008 250422c1982 xo 0 slo
015 |a SNBRB19rr/mm-uuuuu 
035 |a CL0146840 
035 |a urn:nbn:sk:snk-ab282w 
035 |a (urnnbn)urn:nbn:sk:snk:ar-a01x0m 
035 |a (uuid)e7c0dec5-868a-44fe-ae65-b33c8ec22136 
040 |a SNKBUCL  |b slo  |c SNKBUCL  |e AACR2 
041 0 |a slo 
044 |a xo  |c SK 
080 |a 1 100.55  |2 1981 
080 |a 301.152  |2 1981 
100 1 |a Sivák, Ľubomír  |4 aut  |9 563184 
245 1 0 |a Ateizmus a náboženstvo vo svetonázore žien  |c Ľubomír Sivák 
650 0 7 |a ženy  |2 snkbucl  |9 4865 
650 0 7 |a svetonázor  |2 snkbucl  |9 27348 
655 7 |a články z novín a časopisov  |2 snkbucl  |9 267496 
773 0 |t Sociológia  |g Roč. 14, č. 5 (1982), s. 558-562 
850 |a Slovenská národná knižnica 
852 |a Slovenská národná knižnica 
954 |a odborná, vedecká literatúra pôvodná (slovenská)  |2 lita 
957 |a 5100 
958 |a article27 
958 |a RK 
958 |a OND 
958 |a EUIPO 
992 |a RBX 
999 |c 2728017  |d 2729947